Rating HESO - miera reformnej atmosféry v ČR a v Poľsku

Hodnotenie ekonomických a sociálnych opatrení (HESO) v druhom štvrťroku 2002 - Česká republika a Poľsko.

Saved in:
Bibliographic Details
Main Author: Roháč, Dalibor
Other Authors: Vašák, Jozef
Format: Book Chapter
Language:Slovak
Subjects:
Tags: Add Tag
No Tags, Be the first to tag this record!

MARC

LEADER 00000naa a2200000 4500
001 r045892
005 20230925130125.5
041 0 |a slo 
044 |a SK 
245 1 0 |a Rating HESO - miera reformnej atmosféry v ČR a v Poľsku  |c Dalibor Roháč, Jozef Vašák 
520 |a Hodnotenie ekonomických a sociálnych opatrení (HESO) v druhom štvrťroku 2002 - Česká republika a Poľsko. 
610 2 0 |a rating 
610 2 0 |a reformy hospodárske 
610 2 0 |a reformy menové 
610 2 0 |a reformy sociálne 
610 2 0 |a Česko 
610 2 0 |a Poľsko 
100 1 |a Roháč, Dalibor 
700 1 |a Vašák, Jozef